| 000 | 00939nam a22002177a 4500 | ||
|---|---|---|---|
| 003 | OSt | ||
| 005 | 20250923162934.0 | ||
| 008 | 240313b ||||| |||| 00| 0 eng d | ||
| 040 | _c0 | ||
| 082 | _aDPer 621.381 In821 August 2022 v. 37 n. 8 | ||
| 100 |
_aWang, Haifeng. _eauthor. _954580 |
||
| 245 |
_aLow-complexity model-predictive control for a nine-phase open-end winding PMSM with dead-time compensation / _cHaifeng Wang, Xiaoqin Zheng, Xibo Yuan, and Xinzhen Wu. |
||
| 260 |
_aNew York ; _bThe Institute of Electrical and Electronics Engineers, Inc. , _cAugust 2022. |
||
| 300 |
_aVolume 37, pages 8895-8908 : _billustration ; _c28 cm. |
||
| 500 | _aIEEE Transitions on Power Electronics, v. 37 n. 8, pages 8895-8908, August 2022. | ||
| 700 |
_aWang, Haifeng. _eauthor. _954580 |
||
| 700 |
_aZheng, Xiaoqin. _eauthor. _954581 |
||
| 700 |
_aYuan, Xibo. _eauthor. _954582 |
||
| 700 |
_aWu, Xinzhen. _eauthor. _954583 |
||
| 942 |
_2ddc _cPER |
||
| 999 |
_c19663 _d19663 |
||